000
00333nam a2200145Ia 4500
005
20260328101454.0
008
260328s9999||||xx |||||||||||||| ||und||
100
_a
Calvino, Italo
245
0
_a
Invisible Cities /
_c
Italo Calvino
250
_a
Original
260
_b
Picador
300
_a
125 p.
650
_a
URBANISMO
942
_c
BK
999
_c
8768
_d
8768